Logo BPK

Biblioteka

Politechniki Koszalińskiej

Gazovaja svarka i naplavka cvetnych metallov i splavov / (Rekord nr 26718)

Szczegóły MARC
000 -ETYKIETA REKORDU
podpole kontrolne o stałej długości 00465nam a2200169 i 4500
001 - NUMER KONTROLNY REKORDU
pole kontrolne bg
040 ## - ŹRÓDŁO KATALOGOWANIA
Instytucja, która utworzyła rekord BPK
041 ## - KOD JĘZYKA
Kod języka tekstu pol
080 ## - UNIWERSALNA KLASYFIKACJA DZIESIĘTNA - UKD
UKD 621.791:669.2/.8
008 - POLE O STAŁEJ DŁUGOŚCI - DANE KONTROLNE
podpole kontrolne o stałej długości s pl f |000 0 pol
100 1# - NAZWA OSOBOWA
Nazwa osobowa ASINOVSKAJA, G. A.
245 #0 - TYTUŁ/ODPOWIEDZIALNOŚĆ
Tytuł Gazovaja svarka i naplavka cvetnych metallov i splavov /
Pozostałe elementy strefy tytułu i oznaczenia odpowiedzialności G.A. Asinovskaja, P.M. Ljubalin, V.I. Kolycev.
260 ## - STREFA ADRESU WYDAWNICZEGO
Miejsce wydania Moskva,
Data publikacji, dystrybucji/powstania dokumentu 1974.
700 1# - HASŁO DODATKOWE - NAZWA OSOBOWA
Nazwa osobowa LJUBALIN, P. M.
700 1# - HASŁO DODATKOWE - NAZWA OSOBOWA
Nazwa osobowa KOLYCEV, V. I.
856 ## - LOKALIZACJA I DOSTĘP DO ELEKTRONICZNYCH DOKUMENTÓW ZDALNYCH
Link (URL) http://koha.tu.koszalin.pl/cgi-bin/koha/opac-detail.pl?biblionumber=26718
Tekst linku Katalog online BPK
942 ## - DODATKOWE ELEMENTY (KOHA)
Typ dokumentu Książka
Egzemplarze
Wycofany Status egzemplarza Uszkodzony Dostępność Lokalizacja stała Lokalizacja bieżąca Miejsce przechowywania Sygnatura Kod kreskowy Typ dokumentu
      Dostępny Biblioteka Politechniki Koszalińskiej Biblioteka Politechniki Koszalińskiej Wypożyczalnia BG 18284 01717716 Książka
      Dostępny Biblioteka Politechniki Koszalińskiej Biblioteka Politechniki Koszalińskiej Wypożyczalnia BG 18298 01718416 Książka
© 2023 Biblioteka Politechniki Koszalińskiej :: KOHA